All Little Mermaid characters by screen time - Statistics

General Stats
  • This quiz has been taken 16 times
  • The average score is 12 of 20
Answer Stats
% Of Movie Screen Time Answer % Correct
40.29 33:21 Ariel
100%
16.96 14:02 Eric
100%
8.07 6:41 King Triton
100%
27.02 22:22 Sebastian
100%
15.91 13:10 Ursula
100%
12.42 10:17 Flounder
94%
8.32 6:53 Scuttle
75%
3.34 2:46 Jetsam
69%
3.44 2:51 Flotsam
63%
5.01 4:09 Grimsby
56%
.99 :49 Aquata
50%
1.09 :54 Attina
44%
3.18 2:38 Louis
44%
1.03 :51 Adella
38%
.64 :32 Alana
38%
.68 :34 Arista
38%
1.17 :58 Carlotta
38%
4.49 3:43 Max
38%
1.01 :50 Shark
25%
1.05 :52 Andrina
19%
No matching quizzes found
Score Distribution
Percent of People with Each Score
Percentile by Number Answered
Your Score History
You have not taken this quiz